Deadliest World War II Battles - Statistics

General Stats
  • This quiz has been taken 79 times
    65 since last reset
  • The average score is 7 of 13
Answer Stats
Year Casualties War Parties Battle % Correct
1945 1,300,000 Soviet Union - Germany Berlin
94%
1942 / 43 1,250,000 Germany - Soviet Union Stalingrad
92%
1941 - 1944 1,117,000 Germany - Soviet Union Leningrad
81%
1941 700,000 Germany - Soviet Union Kiev
63%
1941 / 42 1,000,000 Germany - Soviet Union Moscow
63%
1944 650,000 USA - Germany Normandy
60%
1940 470,000 Germany - France France
50%
1941 430,000 Germany -Soviet Union Bialystok-Minsk
48%
1941 600,000 Germany - Soviet Union Smolensk
40%
1944 / 45 422,000 Soviet Union - Germany Budapest
31%
1945 330,000 USA - Japan Luzon
23%
1942 660,000 Germany - Soviet Union Voronezh
23%
1944 550,000 Soviet Union - Germany Narva
13%
No matching quizzes found
Score Distribution
Percent of People with Each Score
Percentile by Number Answered
Your Score History
You have not taken this quiz since the last reset